| 000 | 00604cam a22002291a 4500 | ||
|---|---|---|---|
| 001 | sa 64002522 | ||
| 003 | DLC | ||
| 005 | 20260227112010.0 | ||
| 008 | 890713s1963 ii 000 0 tamo | ||
| 010 | _asa 64002522 | ||
| 035 | _a(OCoLC)20006633 | ||
| 040 |
_aDLC _cWaU _dDLC |
||
| 042 | _apremarc | ||
| 043 | _aa-ii--- | ||
| 050 | 0 | 0 |
_aDS422.W8 _bS4 |
| 100 | 2 | _aCētu Ammāḷ, Ku. Pa. | |
| 245 | 1 | 0 |
_aPāratap peṇ / _cKu. Pa. Cētu Ammāḷ. |
| 260 |
_aCen̲n̲ai : _bVān̲ati Patippakam, _c1963. |
||
| 300 |
_a110 p. ; _c19 cm. |
||
| 500 | _aIn Tamil. | ||
| 650 | 0 |
_aWomen _zIndia _vBiography. |
|
| 999 |
_c57349 _d57349 |
||